Estudio de prefactibilidad para la creación de una planta generadora y comercializadora de Gases Medicinales en el Municipio de Managua del Departamento de Managua

Presenta la creación de una planta generadora y comercializadora de gases medicinales en el municipio de Managua, que surge debido a que en las unidades hospitalarias actualmente se consume gran cantidad de gases medicinales y solamente existe una empresas ubicado en Managua que produce y comercial...

Full description

Bibliographic Details
Main Authors: Centeno Escoto, Bayardo José, Guevara González, Cristóbal Rafael
Other Authors: Tutor: Aguilera López, Roberto José
Format: Tesis Section = Libro
Language:Undetermined
Spanish
Published: Managua UNI 2017
Subjects:
LEADER 01431nam a2200265Ia 4500
008 240830s9999 xx 000 0 und d
040 |a BIBLIOTECA-RUSB/ M.Mon 658.404 C397 
041 |a spa 
082 |a M.Mon 658.404 C397 
100 1 |a Centeno Escoto, Bayardo José 
100 1 |b Guevara González, Cristóbal Rafael 
245 1 0 |a Estudio de prefactibilidad para la creación de una planta generadora y comercializadora de Gases Medicinales en el Municipio de Managua del Departamento de Managua 
260 |a Managua  |b UNI  |c 2017 
300 |a 125 p. :il. 
502 |a Tesis (Máster en Gerencia de Proyectos de Desarrollo) - UNI, 2017. 
520 3 |a Presenta la creación de una planta generadora y comercializadora de gases medicinales en el municipio de Managua, que surge debido a que en las unidades hospitalarias actualmente se consume gran cantidad de gases medicinales y solamente existe una empresas ubicado en Managua que produce y comercializa este tipo de productos, productos del aire, la cual es insuficiente para garantizar el abastecimiento de dichos gases. 
650 7 |a ADMINISTRACION DE PROYECTOS 
650 7 |b  PLANTA GENERADORA Y COMERCIALIZ<ADORA-GASES MEDICINALES 
650 7 |c  ESTUDIO DE MERCADO 
650 7 |d  ESTUDIO Y EVALUACION FINANCIERA 
650 7 |e  ESTUDIO DE IMPACTO AMBIENTAL 
700 1 |a Tutor:  |b Aguilera López, Roberto José 
942 |c BK  |2 ddc 
991 |a TESIS 
999 |c 19433